<?xml version="1.0" encoding="UTF-8"?>
<record
    xmlns:xsi="http://www.w3.org/2001/XMLSchema-instance"
    xsi:schemaLocation="http://www.loc.gov/MARC21/slim http://www.loc.gov/standards/marcxml/schema/MARC21slim.xsd"
    xmlns="http://www.loc.gov/MARC21/slim">

  <leader>00929cam a2200289 i 4500</leader>
  <controlfield tag="001">1761388</controlfield>
  <controlfield tag="003">YEEZEN</controlfield>
  <controlfield tag="005">20241226141315.0</controlfield>
  <controlfield tag="008">240814s2024    ch a          000 0 chi c</controlfield>
  <datafield tag="020" ind1=" " ind2=" ">
    <subfield code="a">9786267532010</subfield>
    <subfield code="q">(&#x5E73;&#x88DD;) :</subfield>
    <subfield code="c">&#x65B0;&#x53F0;&#x5E63;399&#x5143;</subfield>
  </datafield>
  <datafield tag="040" ind1=" " ind2=" ">
    <subfield code="a">PVY</subfield>
    <subfield code="b">chi</subfield>
    <subfield code="c">PVY</subfield>
  </datafield>
  <datafield tag="042" ind1=" " ind2=" ">
    <subfield code="a">nbic</subfield>
  </datafield>
  <datafield tag="090" ind1=" " ind2=" ">
    <subfield code="a">411.15</subfield>
  </datafield>
  <datafield tag="100" ind1="1" ind2=" ">
    <subfield code="a">&#x738B;&#x65ED;&#x4E9E;</subfield>
    <subfield code="4">&#x8457;</subfield>
  </datafield>
  <datafield tag="245" ind1="1" ind2="0">
    <subfield code="a">&#x745C;&#x4F3D;&#x7642;&#x5FC3;&#x5BA4; :</subfield>
    <subfield code="b">&#x5BEB;&#x7D66;&#x5206;&#x5FC3;&#x3001;&#x75B2;&#x4E4F;&#x3001;&#x58D3;&#x529B;&#x3001;&#x5931;&#x7720;&#x3001;&#x75BC;&#x75DB;&#x3001;&#x7126;&#x616E;&#x3001;&#x6182;&#x9B31;&#x7684;&#x4F60;,&#x9AD4;&#x8CBC;&#x8EAB;&#x5FC3;&#x7684;&#x6307;&#x5F15;&#x7DF4;&#x7FD2; /</subfield>
    <subfield code="c">&#x738B;&#x65ED;&#x4E9E;(Jelly Wang)&#x8457;</subfield>
  </datafield>
  <datafield tag="246" ind1="3" ind2="3">
    <subfield code="i">&#x82F1;&#x6587;&#x984C;&#x540D;:</subfield>
    <subfield code="a">Yoga therapy.</subfield>
  </datafield>
  <datafield tag="250" ind1=" " ind2=" ">
    <subfield code="a">&#x521D;&#x7248;&#x4E00;&#x5237;</subfield>
  </datafield>
  <datafield tag="260" ind1=" " ind2=" ">
    <subfield code="a">&#x65B0;&#x5317;&#x5E02; :</subfield>
    <subfield code="b">&#x5E78;&#x798F;&#x6587;&#x5316;,&#x9060;&#x8DB3;&#x6587;&#x5316;&#x51FA;&#x7248; ;</subfield>
    <subfield code="b">&#x9060;&#x8DB3;&#x6587;&#x5316;&#x767C;&#x884C;,</subfield>
    <subfield code="c">2024.07</subfield>
  </datafield>
  <datafield tag="300" ind1=" " ind2=" ">
    <subfield code="a">285,[1]&#x9762; :</subfield>
    <subfield code="b">&#x5716; ;</subfield>
    <subfield code="c">21&#x516C;&#x5206;</subfield>
  </datafield>
  <datafield tag="490" ind1="1" ind2=" ">
    <subfield code="a">&#x597D;&#x751F;&#x6D3B; ;</subfield>
    <subfield code="v">30.</subfield>
  </datafield>
  <datafield tag="490" ind1="1" ind2=" ">
    <subfield code="a">Life ;</subfield>
    <subfield code="v">30.</subfield>
  </datafield>
  <datafield tag="650" ind1=" " ind2="7">
    <subfield code="2">lcstt</subfield>
    <subfield code="a">&#x745C;&#x4F3D;</subfield>
  </datafield>
  <datafield tag="650" ind1=" " ind2="7">
    <subfield code="2">lcstt</subfield>
    <subfield code="a">&#x5FC3;&#x9748;&#x7642;&#x6CD5;</subfield>
  </datafield>
  <datafield tag="830" ind1=" " ind2="0">
    <subfield code="a">&#x597D;&#x751F;&#x6D3B; ;</subfield>
    <subfield code="v">30.</subfield>
  </datafield>
  <datafield tag="830" ind1=" " ind2="0">
    <subfield code="a">Life ;</subfield>
    <subfield code="v">30.</subfield>
  </datafield>
  <datafield tag="942" ind1=" " ind2=" ">
    <subfield code="2">ccl</subfield>
    <subfield code="c">BOOK</subfield>
  </datafield>
  <datafield tag="999" ind1=" " ind2=" ">
    <subfield code="c">7624</subfield>
    <subfield code="d">7624</subfield>
  </datafield>
  <datafield tag="952" ind1=" " ind2=" ">
    <subfield code="0">0</subfield>
    <subfield code="1">0</subfield>
    <subfield code="2">ccl</subfield>
    <subfield code="4">0</subfield>
    <subfield code="7">0</subfield>
    <subfield code="a">yeezen</subfield>
    <subfield code="b">yeezen</subfield>
    <subfield code="c">YEEZEN</subfield>
    <subfield code="d">2024-12-26</subfield>
    <subfield code="l">2</subfield>
    <subfield code="o">411.15</subfield>
    <subfield code="p">C03208</subfield>
    <subfield code="r">2025-12-18 00:00:00</subfield>
    <subfield code="s">2025-12-17</subfield>
    <subfield code="w">2024-12-26</subfield>
    <subfield code="y">BOOK</subfield>
    <subfield code="z">&#x4F60;&#x4E5F;&#x6709;&#x5206;&#x5FC3;&#x3001;&#x75B2;&#x4E4F;&#x3001;&#x58D3;&#x529B;&#x3001;&#x5931;&#x7720;&#x3001;&#x75BC;&#x75DB;&#x3001;&#x7126;&#x616E;&#x3001;&#x6182;&#x9B31;&#x7684;&#x56F0;&#x64FE;&#x55CE;?&#x5728;&#x745C;&#x7642;&#x5E2B;&#x7684;&#x8AB2;&#x7A0B;&#x88E1;,&#x9019;&#x662F;&#x8A31;&#x591A;&#x5B78;&#x54E1;&#x88AB;&#x751F;&#x6D3B;&#x50B7;&#x5F97;&#x7BC0;&#x7BC0;&#x6557;&#x9000;&#x7684;&#x771F;&#x5BE6;&#x611F;&#x53D7;,&#x6709;&#x7684;&#x770B;&#x4E86;&#x8EAB;&#x5FC3;&#x79D1;&#x3001;&#x6709;&#x7684;&#x4E0A;&#x904E;&#x773E;&#x591A;&#x8EAB;&#x5FC3;&#x8AB2;&#x7A0B;&#x3001;&#x6709;&#x7684;&#x63A5;&#x89F8;&#x745C;&#x4F3D;&#x591A;&#x5E74;,&#x4F46;&#x662F;&#x56DE;&#x5230;&#x751F;&#x6D3B;&#x9762;&#x7684;&#x4ED6;&#x5011;&#x6709;&#x6642;&#x4ECD;&#x4E0D;&#x77E5;&#x6240;&#x63AA;,&#x6DF1;&#x6015;&#x4E0B;&#x4E00;&#x6B21;&#x7684;&#x60C5;&#x7DD2;&#x5730;&#x9707;&#x7A81;&#x7136;&#x4F86;&#x81E8;&#x3002;</subfield>
  </datafield>
</record>
